Načo je nám federácia? 3.

Samotný fakt rozdelenia ČSFR na dve samostatné republiky by stál miliardy korún. Odbyt čisto slovenských výrobkov, ktoré nebudú označené "Made in Czechoslovakia" bude veľmi pomalý a obtiažny. Výrobky sa na Slovensku budú vyrábať drahšie ako doteraz. V prípade samostatnosti Slovenska prestanú pôsobiť...

Full description

Saved in:
Bibliographic Details
Main Author: Špaňár, S.
Format: Book Chapter
Language:Slovak
Subjects:
Tags: Add Tag
No Tags, Be the first to tag this record!

MARC

LEADER 00000naa a2200000 4500
001 r006521
005 20221125080113.5
041 0 |a slo 
044 |a [CS] 
245 1 0 |a Načo je nám federácia? 3.  |c S. Špaňár 
520 |a Samotný fakt rozdelenia ČSFR na dve samostatné republiky by stál miliardy korún. Odbyt čisto slovenských výrobkov, ktoré nebudú označené "Made in Czechoslovakia" bude veľmi pomalý a obtiažny. Výrobky sa na Slovensku budú vyrábať drahšie ako doteraz. V prípade samostatnosti Slovenska prestanú pôsobiť faktory, ktoré SR zvýhodňovali, ceny tovarov stúpnu, mnohé továrne sa zavrú. Obmedzí sa príliv zahraničného kapitálu, môže dôjsť k odtrhnutiu južnej časti Slovenska a pod. 
610 2 0 |a vývoj hospodársky 
610 2 0 |a ČSFR 
610 2 0 |a Slovensko 
610 2 0 |a samostatnosť hospodárska 
610 2 0 |a federácia 
100 1 |a Špaňár, S.